| 000 | 00918nas a2200301 4500 | ||
|---|---|---|---|
| 001 | BR2011004356 | ||
| 003 | BR-BrBNA | ||
| 005 | 20231205115048.0 | ||
| 007 | ta | ||
| 008 | 230509b bl.|||p| |||| 00| 00por d | ||
| 040 |
_aBR-BrBNA _bpor _cBiblioteca Nacional de Agricultura |
||
| 041 | _a(Pt) | ||
| 072 | _aF70 | ||
| 100 | 1 | _aLucena, M. de F. de A. | |
| 100 | 1 | _aAmorim, B.S. | |
| 100 | 1 | _aAlves, M. | |
| 245 | 1 | _aSinopse das espécies de Euphorbiaceae s. l. do Parque Nacional Serra de Itabaiana, Sergipe, Brasil | |
| 650 | _aEUPHORBIACEAE | ||
| 650 | _aESPÉCIE | ||
| 650 | _aIDENTIFICAÇÃO | ||
| 650 | _aNOMENCLATURA | ||
| 650 | _aÁRVORE ANGIOSPERMA | ||
| 650 | _aDISTRIBUIÇÃO GEOGRÁFICA | ||
| 650 | _aSERGIPE | ||
| 773 | 0 |
_tRevista Caatinga (Brazil) _xISSN 0100-316X _g(Oct-Dec 2009), v. 22(4) p. 214-224 _wBR2011004356 |
|
| 909 |
_a202311 _bLúcia _c55 _dLúcia Elande |
||
| 942 |
_2AGRIS _n0 _cANA |
||
| 999 |
_c211894 _d211894 |
||